=LDR 00000nam 2200000 4500 =001 INLIS000000000024543 =005 20201016074012 =035 ##$$a 0010-061300000024543 =008 201016################g##########0#ind## =041 ##$$a Ind =082 ##$$a 306.809 598 217 9 =090 ##$$a 306.809 598 217 9, Man p =100 ##$$a Manan, Fajria Novari =245 1#$$a Proses sosialisasi anak dalam keluarga poligini di pedesaan, kabupaten Subang, /$c Fajria Novari Manan, Ernayati, Zulyani Hidayah; penyunting, Siti Maria =260 ##$$a Jakarta :$b Proyek Pengkajian dan Pembinaan Nilai-nilai Budaya Pusat,$c 1995 =300 ##$$a xiii, 83 hlm, ; $c 23 x 15 cm. =650 #4$$a Poligami - Subang =850 ##$$a NBPNMAT =084 ##$$a 306.809 598 217 9 MAN p =700 #$$a Ernayati =700 #$$a Hidayah, Zulyani =990 ##$$a 01201901479 =990 ##$$a 10181018 =990 ##$$a 85.504/Hd-96 =990 ##$$a 10201020 =990 ##$$a 85.505/Hd-96 =990 ##$$a 85.504/Hd-96